000
00203nam a2200109Ia 4500
100
_a
#N/A
942
_c
BK
654
_a
operations
245
_a
Operations Research
260
_b
#N/A
546
_a
ENGLISH
999
_c
32225
_d
32225